SIS bude aj v budúcom roku finančne poddimenzovaná

Bibliographic Details
Format: Article
Language:Slovak
Subjects:

MARC

LEADER 00000nab a2200000 a 4500
001 vtls000604869
003 SK-MaSNL
005 20260303014035.0
008 160401c1996 xo 0 slo
015 |a SNBRB19rr/mm-uuuuu 
035 |a CL0605008 
040 |a SNKBUCL  |b slo  |c SNKBUCL  |e AACR2 
041 0 |a slo 
044 |a xo  |c SK 
080 |a 351.96.075.6(437.6):061.3:351.746.1(437.6)  |2 1981 
080 |a 351.746.1(437.6)  |2 1981 
080 |a 659.2:061.2(437.6)  |2 1981 
245 0 0 |a SIS bude aj v budúcom roku finančne poddimenzovaná 
610 2 7 |a Slovenská informačná služba  |2 snkbucl 
650 0 7 |a Osobitný kontrolný orgán  |2 snkbucl  |9 988822 
655 7 |a články z novín a časopisov  |2 snkbucl  |9 267496 
773 0 |t Slovenská republika  |g Roč. 4, č. 278 (28. 11. 1996), s. 1-2 
850 |a Slovenská národná knižnica v Martine  |a MTA001 
852 |a SNK  |b KIS3GCP 
958 |a SK 
958 |a RK 
958 |a RBX 
999 |c 1605713  |d 1607643